Indian sign language of linguistics (Record no. 393820)

MARC details
000 -LEADER
fixed length control field 00589 a2200217 4500
005 - DATE & TIME
control field 20251230103944.0
008 - FIXED-LENGTH DATA ELEMENTS--GENERAL INFORMATION
fixed length control field 251230b |||||||| |||| 00| 0 eng d
020 ## - ISBN
International Standard Book Number 9788197907418
Price Rs. 400.00
040 ## - CATALOGING SOURCE
Original cataloging agency VIVEKANANDA LIBRARY
082 ## - DDC NUMBER
Classification number 371.912
Book Number S23I
100 ## - MAIN ENTRY--PERSONAL NAME
Personal name Sharma, Sandeep
245 ## - TITLE STATEMENT
Title Indian sign language of linguistics
260 ## - PUBLICATION, DISTRIBUTION, ETC. (IMPRINT)
Name of publisher, distributor, etc Kanishka Publishers, Distributors
Date of publication, distribution, etc 2025
Place of publication, distribution, etc New Delhi
300 ## - PHYSICAL DESCRIPTION
Pages 107
650 ## - Subject
Subject Education
650 ## - Subject
Subject Education of the Deaf
650 ## - Subject
Subject Special Education
700 ## - Added Entry Personal Name
Added Entry Personal Name Jat, Kamlesh
700 ## - Added Entry Personal Name
Added Entry Personal Name Jat, Parveen Kumar, ed.
942 ## - ADDED ENTRY ELEMENTS (KOHA)
Koha item type Books
Holdings
Withdrawn status Lost status Source of classification or shelving scheme Damaged status Not for loan Location (home branch) Sublocation or collection (holding branch) Shelving location Date acquired Koha issues (times borrowed) Koha full call number Accession No. Koha date last seen Koha item type
    Dewey Decimal Classification     VIVEKANANDA LIBRARY VIVEKANANDA LIBRARY Centre for Disability Studies 02/12/2025   371.912 S23I 443343 02/12/2025 Books
    Dewey Decimal Classification     VIVEKANANDA LIBRARY VIVEKANANDA LIBRARY Centre for Disability Studies 02/12/2025   371.912 S23I 443345 02/12/2025 Books
    Dewey Decimal Classification     VIVEKANANDA LIBRARY VIVEKANANDA LIBRARY Centre for Disability Studies 02/12/2025   371.912 S23I 443342 02/12/2025 Books
    Dewey Decimal Classification     VIVEKANANDA LIBRARY VIVEKANANDA LIBRARY Centre for Disability Studies 02/12/2025   371.912 S23I 443344 02/12/2025 Books
    Dewey Decimal Classification     VIVEKANANDA LIBRARY VIVEKANANDA LIBRARY Centre for Disability Studies 02/12/2025   371.912 S23I 443346 02/12/2025 Books
© Designed and Maintained by Vivekananda Library, MDU Rohtak